| 000 | 00437nam a22001817a 4500 | ||
|---|---|---|---|
| 999 |
_c11480 _d11480 |
||
| 003 | OSt | ||
| 008 | 220824b ||||| |||| 00| 0 eng d | ||
| 020 | _a0333933338 | ||
| 082 | _a620.1 CHE | ||
| 100 | _aCHARY,S.N.Ed. | ||
| 245 | _aEnvironmental Management:Indian Perspective | ||
| 250 | _aReprint | ||
| 260 |
_aNew Delhi _bMacmillan _c2013 |
||
| 300 | _a358 | ||
| 650 | _aCommerce | ||
| 700 | _aVYASULU,Vinod Ed. | ||
| 942 |
_2ddc _cBK |
||